03615cas a2200481 i 4500001001000000003000900010005001700019007000300036008004100039040003000080041000800110110003500118245006600153264007100219300005400290310001900344336002800363337003500391338003000426362003500456500002000491500006300511500004600574500005800620610006400678650007400742650009000816942001500906952019500921952019101116952018301307952016401490952016401654952017401818952017401992952015102166952015102317952015102468952015902619952015902778952017902937999001703116000037100DO-SdBNP20260318140114.0ta120213c2003 dr tr1p|r| || |0spa d aDO-SdBNPbspacBNPHUerda hspa aFalconbridge Dominicana91075501aEl puente Halcon : bboletín de la falconbridge dominicana. aBonao, República Dominicana : bFanconbridge Dominicana, c2003. avolumen :bilustraciones, fotografías ;c28 cm. aCuatrimestral. atextobtxt 2rdacontent asin mediación bn 2rdamedia avolumen bnc 2rdacarrier1 aNo. 8 (julio-septiembre 2003). a50 Aniversario. aCatalogación basada en el no. 8 (enero-septiembre 2005). aPublicación de Falconbridge Dominicana. aCatalogación basada en el: (julio-septiembre 2003). 0aFalconbridge Dominicana910755vPublicaciones periódicas  0aMinería989239vPublicaciones periódicas zRepública Dominicana 0aEmpresas internacionales 947948vPublicaciones periódicas zRepública Dominicana 2ddccISSUE 00102ddc4056708SEaPDbPDd2012-04-11e4hNo. 13: 2007 marz..-jun..)i201204112007070620110828l0o p37100-13-1r2020-08-08te.1w2020-08-08yISSUEzEdición especial: 25 aniversario 00102ddc4056708SEaPDbPDd2012-04-11e4hNo. 8 (2005 Jul.-sept.)i201204112012041120111028l0o p37100-8-1r2020-08-08te.1w2020-08-08yISSUEzEdición especial: 25 aniversario. 00102ddc4056708SEaPDbPDd2012-04-11e4hNo. 8 (2005 Jul.-sept.)i2012041120120411l0o p37100-8-2r2020-08-08te.2w2020-08-08yISSUEzEdición especial: 25 aniversario. 00102ddc4056708SEaBNPHUbBNPHUd2026-03-18hJulio-septiembre, 2003l0p2026-2363r2026-03-18te.1w2026-03-18yISSUEzReconocimiento, Años de Servicio. 00102ddc4056708SEaBNPHUbBNPHUd2026-03-18hJulio-septiembre, 2003l0p2026-2364r2026-03-18te.2w2026-03-18yISSUEzReconocimiento, Años de Servicio. 00102ddc4056708SEaBNPHUbBNPHUd2026-03-18hno. 2. eneroo-marzo, 2004l0p2026-2365r2026-03-18te.1w2026-03-18yISSUEzOtro, Año en el que seguimos trabajando. 00102ddc4056708SEaBNPHUbBNPHUd2026-03-18hNo. 2. eneroo-marzo, 2004l0p2026-2366r2026-03-18te.2w2026-03-18yISSUEzOtro, Año en el que seguimos trabajando. 00102ddc4056708SEaBNPHUbBNPHUd2026-03-18hNo. 3. abril-junio, 2004l0p2026-2367r2026-03-18te.1w2026-03-18yISSUEzSembrando el futuro. 00102ddc4056708SEaBNPHUbBNPHUd2026-03-18hNo. 3. abril-junio, 2004l0p2026-2368r2026-03-18te.2w2026-03-18yISSUEzSembrando el futuro. 00102ddc4056708SEaBNPHUbBNPHUd2026-03-18hNo. 3. abril-junio, 2004l0p2026-2369r2026-03-18te.3w2026-03-18yISSUEzSembrando el futuro. 00102ddc4056708SEaBNPHUbBNPHUd2026-03-18hNo. 4. junio-septiembre, 2004l0p2026-2370r2026-03-18te.1w2026-03-18yISSUEzNuevos pasos de avance. 00102ddc4056708SEaBNPHUbBNPHUd2026-03-18hNo. 4. junio-septiembre, 2004l0p2026-2371r2026-03-18te.2w2026-03-18yISSUEzNuevos pasos de avance. 00102ddc4056708SEaBNPHUbBNPHUd2026-03-18hNo. 12. noviembre-febrero, 2007l0p2026-2372r2026-03-18te.1w2026-03-18yISSUEzUn compromiso que nos llena de pasión.  c36590d36590